000 00636nam a22001817a 4500
003 BUBTL
008 190406b xxu||||| |||| 00| 0 eng d
020 _a984-18-0364-X
082 _a891.441 / TAB
100 _92430
_aঠাকুর, রবীন্দ্রনাথ
245 _aবলাকা /
_cরবীন্দ্রনাথ ঠাকুর
260 _aঢাকা :
_bবিশ্ব সাহিত্য কেন্দ্র,
_cc2012.
300 _a95 p. :
_c22 cm.
650 0 _91687
_aবাংলা সাহিত্য
856 _k0
_l0
_yDownload
942 _2ddc
_cBK
999 _c5959
_d5959